Manažér stavu a riadenia batérie dobíjanej fotovoltaickým systémom

Saved in:
Bibliographic Details
Main Author: Janiga, Marek (Author)
Other Authors: Gašparík, Marek (Thesis advisor)
Format: Manuscript Book
Language:Slovak
Published: 2023
Subjects:
Online Access:http://is.stuba.sk/zp/portal_zp.pl?podrobnosti=164444
Tags: Add Tag
No Tags, Be the first to tag this record!

MARC

LEADER 00000ntm a22000003a 4500
001 stuzp94760
003 SK-STU
005 20230909223104.8
007 ta
008 150427s2015----xo-----f-mn---000-0-slo-d
040 |a STU  |b slo 
041 0 |a slo 
100 1 |a Janiga, Marek  |u 020010  |4 aut  |U SjF Strojnícka fakulta  |T SjF Ústav aplikovanej mechaniky a mechatroniky  |X 111952  |U J0010  |Y 801  |7 111952 
242 0 1 |a Manager of the state and control of the battery charged by the photovoltaic system  |y eng 
245 1 0 |a Manažér stavu a riadenia batérie dobíjanej fotovoltaickým systémom 
260 |c 2023 
650 4 |a Arduino  |2 slo 
650 4 |a senzor prúdu  |2 slo 
650 4 |a návrh a výroba DPS  |2 slo 
650 4 |a SD karta  |2 slo 
650 4 |a LCD displej  |2 slo 
650 4 |a fotovoltaický systém  |2 slo 
650 4 |a akumulátorový systém  |2 slo 
650 4 |a photovoltaic system  |2 eng 
650 4 |a battery system  |2 eng 
650 4 |a SD card  |2 eng 
650 4 |a LCD display  |2 eng 
650 4 |a Arduino  |2 eng 
650 4 |a current sensor  |2 eng 
650 4 |a design and manufacture of PCB  |2 eng 
700 1 |a Gašparík, Marek  |u 020010  |k Z1  |4 ths  |U SjF Strojnícka fakulta  |T SjF Ústav aplikovanej mechaniky a mechatroniky  |X 68106  |U J0010  |Y 801  |7 A000068106 
856 4 |u http://is.stuba.sk/zp/portal_zp.pl?podrobnosti=164444